La anarquía de la imaginación: entrevistas, ensayos y notas

Uloženo v:
Podrobná bibliografie
Hlavní autor: Fassbinder, Rainer Werner (Autor)
Médium: Kniha
Jazyk:španělština
Vydáno: Barcelona Paidós Ibérica S. A 2002
Edice:La Memoria del Cine, 15
Témata:
Tagy: Přidat tag
Žádné tagy, Buďte první, kdo vytvoří štítek k tomuto záznamu!

MARC

LEADER 00000cam a2200000 a 4500
001 UCF6654
003 CL-VaPUC
008 130509e20020000SP |||||||||||||||||spa|d
020 |a 8449313260 
082 0 4 |a 791.4309  |b FAS  |2 21 
100 0 |a Fassbinder, Rainer Werner  |e author  |9 269200 
245 1 3 |a La anarquía de la imaginación: entrevistas, ensayos y notas 
300 |a 277 p 
942 |c BK 
945 |d 20130509 00:00:00  |a dcastane 
260 |a Barcelona  |b Paidós Ibérica S. A  |c 2002 
650 0 |a Directores de cine  |9 368705 
650 0 |a Cine alemán  |9 408351 
650 7 |a REALIZADORES CINEMATOGRAFICOS  |2 CL-VaPUC  |9 355120 
650 7 |a BIOGRAFIA  |2 CL-VaPUC  |9 504622 
583 |a last modification  |c 20130509 12:56:00  |k Rodrigo Vera 
490 0 |a La Memoria del Cine, 15 
999 |c 351793  |d 351791 
952 |0 0  |1 0  |4 0  |6 791_430900000000000_FAS_2002  |7 0  |8 A  |9 456125  |a BIBART  |b BIBART  |d 2019-11-22  |i 4973186  |o 791.4309 FAS 2002  |p 4973186  |r 2025-03-13  |w 2019-11-22  |y BK  |k ART